| 000 | 01257nam2a2200301 4500 | ||
|---|---|---|---|
| 001 | RU\NLR\bibl\1446977 | ||
| 005 | 20250615230403.0 | ||
| 010 |
_a978-5-902152-78-1 _bТ. 5 _93000 |
||
| 021 |
_aRU _b2009-81380 _95108 |
||
| 035 | _a(NLR Aleph) 001438807 | ||
| 090 |
_a1449618 _c1449618 |
||
| 100 | _a20091130d2009 |||y0rusy50 ca | ||
| 101 | 0 | _arus | |
| 102 | _aRU | ||
| 105 | _aach ||||||||| | ||
| 200 | 1 | _aПисьма, полемика, современники о Газданове | |
| 210 |
_d2009 _aБ. м. |
||
| 215 | _a733, [2] с., [8] л. ил., факс., портр. | ||
| 320 | _aБиблиогр.: с. 538-689 | ||
| 320 | _aУказ.: с. 690-727 | ||
| 461 | 0 |
_1001RU\NLR\bibl\1461210 _12001#$aСобрание сочинений в пяти томах$vТ. 5 _91534902 _aГазданов, Г. (1903-1971) _cМосква _d2009 _fГайто Газданов _nЭЛЛИС ЛАК _tСобрание сочинений в пяти томах _y978-5-902152-71-2 _vТ. 5 |
|
| 600 | 1 |
_aГазданов _bГ. _f1903 - 1971 _gГайто _jПереписка _91339734 _3RU\NLR\auth\66243371 |
|
| 686 | _aШ5(2=Р)6-4Газданов | ||
| 801 | 0 |
_aRU _bNLR _c20091130 _gRCR |
|
| 801 | 1 |
_aRU _bNLR _c20091130 |
|
| 942 | _cBOOK | ||
| 980 | _aNB | ||